|
|
|
|
| LEADER |
01062nam a2200265 a 4500 |
| 001 |
2633295 |
| 008 |
110519s1999 caua 001 0 eng d |
| 010 |
|
|
|a 99201311
|
| 020 |
|
|
|a 0074637312
|
| 020 |
|
|
|a 0078825830 (pbk.)
|
| 040 |
|
|
|a CoD
|c CoD
|d DLC
|d BD-DhAAL
|
| 082 |
0 |
0 |
|a 005.26/8
|2 21
|
| 100 |
1 |
|
|a Mueller, John,
|d 1958-
|
| 245 |
1 |
0 |
|a Visual Studio 6 :
|b the complete reference /
|c John Paul Mueller.
|
| 246 |
3 |
|
|a Visual Studio six
|
| 260 |
|
|
|a Berkeley, Calif. :
|b Osborne/McGraw-Hill ;
|a New Delhi :
|b Tata McGraw-Hill,
|c c1999 [Reprinted]
|
| 300 |
|
|
|a xxxiv, 813 p. :
|b ill. ;
|c 24 cm.
|
| 500 |
|
|
|a Includes index.
|
| 541 |
|
|
|e 00012170
|
| 650 |
|
0 |
|a Application software
|x Development.
|
| 650 |
|
0 |
|a Object-oriented methods (Computer science)
|
| 630 |
0 |
0 |
|a Microsoft Visual studio.
|
| 852 |
4 |
|
|a Ayesha Abed Library
|j General shelf
|
| 999 |
|
|
|c 10880
|d 10880
|
| 952 |
|
|
|0 0
|1 0
|2 ddc
|4 0
|6 005_268000000000000_MUE
|7 0
|9 16602
|a BRACUL
|b BRACUL
|c GEN
|d 2011-05-22
|l 3
|m 18
|o 005.268 MUE
|p 3010012170
|r 2019-03-14
|s 2019-02-18
|t 1
|w 2011-05-22
|y BK
|x Price not available in Register
|